000 00987nac a22002171u 4500
020 _a0750654058
082 _a349.4221
_bB2411
090 _c2835
_d2835
100 _aBarker, D. L. A.
245 _aLaw : Made Simple
_cD. L. A. Barker and C.F. Padfield
250 _a11th ed.
260 _aOxford :
_bMade Simple,2002
_cc2002.
300 _axii 404 p.
_bill:
_c25 cm.
650 _aLaw -- England
650 _aLaw -- Wales
700 _aPadfield, Colin F. (Colin Frank)
942 _cTB
_k349.4221B2411
999 _c2835
_d2835